| 000 | 00745nam a22002537a 4500 | ||
|---|---|---|---|
| 001 | 22920 | ||
| 003 | UA-OsUOA | ||
| 005 | 20230115135112.0 | ||
| 007 | ta | ||
| 008 | 20031229b un ||||| |||| 00| 0 ukr d | ||
| 020 | _a5-02-009-8030-6 | ||
| 040 |
_aUA-OsUOA _brus _cUA-OsUOA _dUA-OsUOA |
||
| 041 | _arus | ||
| 044 | _aRU | ||
| 080 | _a1(091) | ||
| 090 |
_a1(091) _bФ82 |
||
| 245 |
_aФрагменты ранних греческих философов: от эпических теокосмогоний до возникновения атомистики _cред. И. Д. Рожанский |
||
| 246 | 3 | 1 | _aЧ. 1 |
| 260 |
_aМосква _bНаука _c1989 |
||
| 300 | _a576 с. | ||
| 650 | 7 | _2UDC | |
| 942 |
_cBK _2udc |
||
| 955 | _a0 | ||
| 999 |
_c309152 _d309152 |
||